000 00437pab a2200193 454500
008 180718b2007 xxu||||| |||| 00| 0 eng d
100 _aMallika Kumar
245 _aRural cooperative credit
260 _c2007
300 _ap.52-55.
362 _aSep
650 _aAgricultural cooperatives
650 _aCredit
650 _aCooperatives
650 _aAgricultural credit
773 _aYojana
908 _aN
909 _a75750
999 _c75750
_d75750